<?xml version="1.0" encoding="UTF-8"?>
<marc:record xmlns:marc="http://www.loc.gov/MARC21/slim">
   <marc:leader>00000nam a2200000 a 4500</marc:leader>
   <marc:datafield ind1="1" ind2=" " tag="100">
      <marc:subfield code="a">Ardelius, Gunnar</marc:subfield>
      <marc:subfield code="4">aut</marc:subfield>
      <marc:subfield code="e">Verfasser/-in</marc:subfield>
   </marc:datafield>
   <marc:datafield ind1="1" ind2=" " tag="100">
      <marc:subfield code="a">Ardelius, Gunnar</marc:subfield>
   </marc:datafield>
   <marc:datafield ind1=" " ind2=" " tag="653">
      <marc:subfield code="a">Jugend</marc:subfield>
   </marc:datafield>
   <marc:datafield ind1=" " ind2=" " tag="653">
      <marc:subfield code="a">Erste Liebe</marc:subfield>
   </marc:datafield>
   <marc:datafield ind1=" " ind2=" " tag="653">
      <marc:subfield code="a">Jugendbuch</marc:subfield>
   </marc:datafield>
   <marc:datafield ind1="0" ind2="0" tag="245">
      <marc:subfield code="a">Ich brauche dich mehr, als ich dich liebe, und ich liebe dich so sehr</marc:subfield>
   </marc:datafield>
   <marc:datafield ind1="0" ind2="0" tag="245">
      <marc:subfield code="c">Gunnar Ardelius. Dt. von Maike Dörries</marc:subfield>
   </marc:datafield>
   <marc:datafield ind1=" " ind2="1" tag="264">
      <marc:subfield code="a">Hamburg</marc:subfield>
      <marc:subfield code="b">Oetinger</marc:subfield>
      <marc:subfield code="c">2008</marc:subfield>
   </marc:datafield>
   <marc:datafield ind1="1" ind2=" " tag="520">
      <marc:subfield code="a">Angaben aus der Verlagsmeldung

Ich brauche dich mehr als ich dich liebe und ich liebe dich so sehr Jag behöver dig / von Gunnar Ardelius

Was geschieht mit der Liebe? Von starken Gefühlen und vielen Fragen Betty liebt Morris und Morris liebt Betty. So einfach könnte es sein, und so einfach ist es am Anfang auch. Wenn die beiden zusammen sind, gibt es nichts anderes auf der Welt. Ihre Liebesgeschichte ist einzigartig – einfach deshalb, weil sie selbst sie erleben. Doch als die Monate vergehen, geschieht etwas mit der Liebe. Kann es sein, dass so ein großes Gefühl einfach verschwindet? Ein faszinierendes, wunderschönes Debüt, das Jugendlichen und Erwachsenen nachhaltig im Gedächtnis bleibt. Eine poetische Reflexion über die Liebe,innovativ, lyrisch und dicht erzählt.
</marc:subfield>
   </marc:datafield>
   <marc:datafield ind1=" " ind2=" " tag="020">
      <marc:subfield code="a">9783789130175</marc:subfield>
      <marc:subfield code="9">9783789130175</marc:subfield>
   </marc:datafield>
   <marc:datafield ind1=" " ind2=" " tag="020">
      <marc:subfield code="a">3789130176</marc:subfield>
      <marc:subfield code="9">3789130176</marc:subfield>
   </marc:datafield>
   <marc:datafield ind1=" " ind2=" " tag="300">
      <marc:subfield code="a">110 S.</marc:subfield>
   </marc:datafield>
</marc:record>
